01148nam a2200277Ia 4500008004100000040001800041041000800059100001900067245009800086260004500184300001800229490008800247504002800335650003400363650003600397650002600433700003800459700002100497700002200518700002400540710004200564740007900606740004200685740007500727740006800802130821s1947 fr gr eng  aCo-BoUCMbspa00aeng1 aWortley, B. A.14aThe general principles of private international law from the english standpointcB.A. Wortley aParís (Francia)bLibrairie Sireyc1947 a569 páginas 0aRecueil des Cours.v71aCollected Courses of the Hague Academy of International Law aIncluye bibliografía.04aDerecho internacional privado04aDerecho internacional público04aDerecho internacional1 aYepes, Jesús Maríad1892-196212aAsbeck, F.M. van12aPépin, Eugène12aRappard,.William E.2 aAcadémie de Droit International Law02aVues rétrospectives sur la Société des Nations / William E. Rappard.32aLe droit aérien / Eugène Pépin.32aLe statut actuel des pays non autonomes d'outre-mer / F.M. van Asbeck.42aLes accords régionaux et le droit international / J.M. Yepes.